Loading...

ദു൪ഗ്ഗാദാസ൯ ഒരു നാടകം

Bibliographic Details
Main Authors: ദ്വിജേന്ദ്രലാല്റായി, Dwijendralalrai
Format: Printed Book
Published: Trissur; V.Sundra Iyer & Sons
Edition:1st
Subjects:
LEADER 00695nam a22001817a 4500
082 |b  DWI/D.M   |a  891.22 
100 |a ദ്വിജേന്ദ്രലാല്റായി  |9 277255 
100 |a Dwijendralalrai  |9 277256 
240 |a Dhurgadasan 
245 |a ദു൪ഗ്ഗാദാസ൯  |b ഒരു നാടകം 
250 |a 1st 
260 |a Trissur;  |b V.Sundra Iyer & Sons 
300 |a 256p. 
650 |a മലയാളം;നാടകം  |9 277257 
650 |a Malayalam;Drama  |9 277258 
942 |c BK 
999 |c 50021  |d 50021 
952 |0 0  |1 0  |4 0  |6 891_220000000000000_DWI_D_M  |7 0  |8 DRAMTRA  |9 58994  |a MAL  |b MAL  |d 2016-03-11  |e 3133  |g 1.50  |l 0  |o  891.22 DWI/D.M  |p MAL003133  |r 2016-03-11  |t 1  |w 2016-03-11  |y BK